000
00269nam a2200121 a 4500
005
20140414093829.0
008
970101s19uu xx 00 eng d
050
_a
VHS 800
_b
R 40
245
_a
Schindler's list.
440
_a
Vol. 1
942
_c
AVM
999
_c
108604
_d
108604